Vaticana de super - Statistics

General Stats
  • This quiz has been taken 49 times
  • The average score is 4 of 10
Answers on the Map
Answers color-coded by a green-red scale on the quiz's map according to % correct below.
 
Answer Stats
Answer % Correct
Cathedralis Sancti Petri
68%
Andron columnae
63%
Obeliscus
63%
Sacellum Sixtinum
53%
Mater Ecclesiae | Domus Papae emeriti
42%
Musea Vaticana
42%
Palatium Apostolicum
37%
Sacristia et cimeliarchium
26%
Castra Pontificiae Cohors Helveticae
21%
Sant’Anna dei Palafrenieri
21%
No matching quizzes found
Score Distribution
Percent of People with Each Score
Percentile by Number Answered
Your Score History
You have not taken this quiz